000 00332nam a22001337a 4500
005 20250925113004.0
008 250925b |||||||| |||| 00| 0 eng d
050 _aSB359
_b35 FRU
245 _aFRUIT BREEDING
250 _bVOL III
260 _aNEW YORK
_bJOHN WILEY AND SONS, INC.
_cc1996
300 _avii, 278p
942 _2lcc
_cBK
_n0
999 _c7709
_d7709